La science des systems pour les plans regionaux de developpment touristique

Saved in:
Bibliographic Details
Main Author: Sessa, Alberto
Format: Book
Language:French
Published: Paris : Centre des hautes etudes touristiques, 1989
Series:Cahiers du tourisme. Serie C ; ; 100
Subjects:
Tags: Add Tag
No Tags, Be the first to tag this record!

MARC

LEADER 00000nam a2200000 i 4500
001 1/19164
008 960624s1989 fre d
035 |l 10021175 
040 |a GR-MY-UA  |b gre  |e aacr 
041 0 |a fre 
082 0 |a 338.4791 
100 1 |a Sessa, Alberto. 
245 1 3 |a La science des systems pour les plans regionaux de developpment touristique /  |c Alberto Sessa 
260 |a Paris :   |b Centre des hautes etudes touristiques,   |c 1989 
300 |a 42 p. 
490 1 |a Cahiers du tourisme. Serie C  |v ; 100 
650 0 0 |a Tourism. 
830 0 |a Cahiers du tourisme. Serie C ;  |v ; 100 
852 |a INST  |b CHIOS  |e 19960624  |h 338.4791 SES  |p 005200007541  |q 005200007541  |t BK  |y 0 
909 |a Χ  |b 032142